Àrea del Pla de vigilància : any 2001 : informe sobre el Pla de Vigilància Complementària contra Incendis Forestals any 2001 :
Publicado:
[Barcelona] :
Diputació de Barcelona, Xarxa de Municipis, Àrea de Cooperació, Oficina Tècnica de Prevenció Municipal d'Incendis Forestals, [2001?]
Descripción Física:
15, [4] p. ; 31 cm
MARC
| LEADER | 00000nam a2200000Ia 4500 | ||
|---|---|---|---|
| 001 | 15357 | ||
| 008 | 160829s9999 xx 000 0 cat d | ||
| 080 | |a FU-36-19 | ||
| 110 | 2 | |a Pla de Vigilància Complementària Contra Incendis Forestals |9 55457 | |
| 245 | |a Àrea del Pla de vigilància : |b any 2001 : |b informe sobre el Pla de Vigilància Complementària contra Incendis Forestals | ||
| 260 | |a [Barcelona] : |b Diputació de Barcelona, Xarxa de Municipis, Àrea de Cooperació, Oficina Tècnica de Prevenció Municipal d'Incendis Forestals, [2001?] | ||
| 300 | |a 15, [4] p. ; |c 31 cm | ||
| 590 | |a A la portada: PVI | ||
| 610 | 2 | 0 | |a Pla de Vigilància Complementària Contra Incendis Forestals |9 55457 |
| 650 | 0 | |a Incendis forestals |x Catalunya |9 30778 | |
| 710 | |a Barcelona (Catalunya : Província). |b Oficina Tècnica de Prevenció Municipal d'Incendis Forestals |9 9456 | ||
| 901 | |a Arxiu | ||
| 942 | |n 1 | ||
| 952 | |0 0 |1 0 |4 0 |7 1 |9 43530 |a Arxiu |b Arxiu |d 2016-12-01 |h 2001 |o FU-36-19 |p 15357 |r 2016-12-01 00:00:00 |w 2016-12-01 |y ARXIU | ||
| 999 | |c 46076 |d 46076 | ||